| 000 | 00448nam a2200145Ia 4500 | ||
|---|---|---|---|
| 008 | 220217s9999||||xx |||||||||||||| ||und|| | ||
| 020 | _a9780070593756 | ||
| 082 | _a621.3815 HOD | ||
| 100 | _aHodges, David A, Jackson, Horace G and Saleh, Resve A | ||
| 245 | 0 | _aAnalysis and design of digital integrated circuits | |
| 250 | _a3rd | ||
| 260 |
_aMcgraw hill book company _bNew Delhi _c2010 |
||
| 300 |
_aXIX, 578p. _b690 |
||
| 650 | _aCIRCUIT | ||
| 999 |
_c184838 _d184838 |
||